000 01006nam a22003137a 4500
001 BR7503556
003 BR-BrBNA
005 20230928084817.0
007 ta
008 230509b bl.||||| |||| 00| 0 por d
040 _aBR-BrBNA
_bpor
_cBiblioteca Nacional de Agricultura
041 _a(Por)
072 _aF10
_b2110
_b/G514
090 _ 2110 BR7503556
100 1 _aRoeder, M.
110 1 _aComissao Executiva do Plano da Lavoura Cacaueira, Ilheus, BA (Brasil);
_92106
110 1 _aIICA, Rio de Janeiro, RJ (Brasil)
_95562
245 1 _aDiagnostico socio-economico da regiao cacaueira. Reconhecimento climatologico [Bahia; Brasil]
_bv. 4
260 3 _aIlheus, BA (Brasil):
_c1975.
300 _a105 p.
500 _a13 graphs; 10 illus.; 21 tables; 16 ref.; Map, scale 1:2,000,000; Summary (Por)
650 _aUMIDADE
650 _aTEMPERATURA
650 _aPRECIPITACAO PLUVIAL
650 _aRADIACAO SOLAR
650 _aBAHIA
909 _a202309
_bLucia
_c55
_dLucia Elande
942 _cBK
999 _c21224
_d21224